Countries named after Cities - Statistics

General Stats
  • This quiz has been taken 43 times
  • The average score is 4 of 17
Answer Stats
City Country % Correct
Algiers Algeria
54%
Luxembourg Luxembourg
54%
Tunis Tunisia
54%
Djibouti Djibouti
38%
San Marino San Marino
38%
Bissau Guinea-Bissau
28%
Rome, Italy Romania
21%
Benin City, Nigeria Benin
18%
San Salvador El Salvador
18%
Portus Cale (Porto) Portugal
18%
Marrakesh Morocco
15%
Venice, Italy Venezuela
15%
Togo (Togoville) Togo
13%
Santo Domingo Dominican Republic
10%
Zubara Qatar
10%
Granada, Spain Grenada
8%
Mogadishu, Somalia Madagascar
3%
No matching quizzes found
Score Distribution
Percent of People with Each Score
Percentile by Number Answered
Your Score History
You have not taken this quiz